Online
Catalog

Cedulario americano del siglo xviii : (Record no. 40061)

MARC details
000 -CABECERA
campo de control de longitud fija 01024nam a2200205 a 4500
001 - NÚMERO DE CONTROL
campo de control 000040571
005 - FECHA Y HORA DE LA ÚLTIMA TRANSACCIÓN
campo de control 20201002034225.0
008 - DATOS DE LONGITUD FIJA--INFORMACIÓN GENERAL
campo de control de longitud fija 120501s1977 sp 001 0 spa d
040 ## - FUENTE DE LA CATALOGACIÓN
Centro catalogador/agencia de origen DO-SdBNP
Lengua de catalogación spa
Centro/agencia transcriptor BNPHU
110 1# - ENTRADA PRINCIPAL--NOMBRE DE ENTIDAD CORPORATIVA
Nombre de entidad corporativa o nombre de jurisdicción como elemento de entrada Archivo General de Indias (Sevilla, España)
9 (RLIN) 64026
245 10 - MENCIÓN DE TÍTULO
Título Cedulario americano del siglo xviii :
Resto del título colección de disposiciones legales indianas desde 1680 a 1800, contenidas en los Cedularios del Archivo General de Indias. /
Nombre de parte o sección de la obra Cédulas de Felipe V (1700-1724)
Mención de responsabilidad, etc. edición, estudio y comentarios por Antonio Muro Orejón.
260 ## - PUBLICACIÓN, DISTRIBUCIÓN, ETC.
Lugar de publicación, distribución, etc. Sevilla :
Nombre del editor, distribuidor, etc. Escuela de Estudios Hispano-Americanos de Sevilla,
Fecha de publicación, distribución, etc. 1977.
300 ## - DESCRIPCIÓN FÍSICA
Extensión v. ;
Dimensiones 27 cm.
490 1# - MENCIÓN DE SERIE
Mención de serie Publicaciones de la Escuela de Estudios Hispano-Americanos de Sevilla ;
Designación de volumen o secuencia 242
505 2# - NOTA DE CONTENIDO CON FORMATO
Información miscelánea v. 3
Título Cédulas de Luis I (1724)
-- Cédulas de Felipe V (1724-46)
500 ## - NOTA GENERAL
Nota general Incluye notas al pie de las páginas
500 ## - NOTA GENERAL
Nota general Incluye índice
700 1# - PUNTO DE ACCESO ADICIONAL--NOMBRE DE PERSONA
Nombre de persona Muro Orejón, Antonio
9 (RLIN) 64027
830 #0 - PUNTO DE ACCESO ADICIONAL DE SERIE-TÍTULO UNIFORME
Título uniforme Estudios Hispano-Americanos de Sevilla ;
Número de parte o sección de la obra 242
9 (RLIN) 66899
Holdings
Estado de retiro Estado de pérdida Restricciones de uso No para préstamo Código de colección Localización permanente Ubicación/localización actual Ubicación en estantería Fecha de adquisición Número de inventario Total de préstamos Signatura topográfica completa Código de barras Fecha visto por última vez Precio válido a partir de Tipo de ítem Koha
      Excluido de préstamo Monografías: Libros y Folletos General General En catalogación 02.09.2013 LF1   v. 3, e. 2 40571-10 25.06.2020 25.06.2020 No se presta
      Excluido de préstamo Monografías: Libros y Folletos General General En catalogación 02.09.2013 LF1   v. 3 40571-20 25.06.2020 25.06.2020 No se presta

Powered by Koha